00617nam a22001937a 450000500170000001000150001702000260003203500140005803700090007208200100008110000160009124501260010725000230023326000350025627000570029130000330034870000220038170000200040320220215101924.0 aENG-131576 a9789383166305c495.00 aEN-115108 bDBAD a338.9 aRay, Amit S aWhat is Economic Development?:bA Comparative Performance of Indian States/cAmit S Ray, Manmohan Agarwal, M Parameswaran aSouth Asia Edition aNew DelhibEsha Beteillec2019 aSocial Science, Press 69 Jor BaghbNew Delhie110003 a157p.bReferencesc23cm(hbk) aAgarwal, Manmohan aParameswaran, M